000 00768cam a22002653a 4500
001 581
003 PGUSA
005 20140828082950.0
008 960701s1996||||xxu|||||s|||||000 1 eng d
040 _aPGUSA
_beng
042 _adc
050 4 _aPR
100 1 _aJenkins, Edward,
_d1838-1910
245 1 0 _aGinx's Baby :
_bHis Birth and Other Misfortunes; a Satire
_h[electronic resource] /
_cEdward Jenkins
260 _bProject Gutenberg,
_c1996
506 _aPublic domain in the USA.
516 _aElectronic text
653 _aSatire, English
653 _aOrphans -- Fiction
653 _aChristian sects -- Fiction
653 _aEducation -- Fiction
830 0 _aProject Gutenberg
_v581
856 4 0 _uhttp://www.gutenberg.org/ebooks/581
942 _cEB
999 _c229932
_d229932